| 000 | 00799nam a2200241 i 4500 | ||
|---|---|---|---|
| 003 | DO-SdBNP | ||
| 005 | 20240318111713.0 | ||
| 006 | a||||gr|||| 00| 0 | ||
| 007 | ta | ||
| 008 | 230505e2019 dr aoc|gr|||| 00| 0 spa d | ||
| 040 |
_aDO-SdBNP _bspa _cBNPHU _erda |
||
| 082 | 4 |
_244 _bG146L |
|
| 245 | 0 | 0 |
_aGalardón: _bLuis Augusto Caminero./ |
| 264 | 3 | 1 |
_aSanto Domingo : _bADOMPRETUR, _c2019 |
| 300 |
_a26 páginas : _bilustraciones, fotografías, retratos ; _c21 cm. |
||
| 336 |
_2rdaconten _atexto _btxt |
||
| 337 |
_2rdamedia _asin medición _bn |
||
| 338 |
_2rdacarrier _avolumen _bnc |
||
| 590 | _aInventariado 2023 / MF | ||
| 710 |
_aAsociación Dominicana de Prensa Turística (República Dominicana) _983331 |
||
| 710 | 2 |
_aMinisterio de Turismo (República Dominicana) _983332 |
|
| 942 |
_2ddc _cLF2 |
||
| 999 |
_c53429 _d53429 |
||